00922 2200313 4500001002100000005001500021035002000036007000300056008004100059020002200100040002200122082001200144084001400156090001800170090002200188100002600210245011200236300002700348650001500375850001200390041000800402264003600410336002100446337003000467338002300497250003400520504003200554990002200586INLIS00000000084762120190521023657 a0010-0519000956ta190521t2018 yoi g 1 ind d a978-602-475-593-5 aYOPDYOGbinderda04223a370 a370 AUG m aDEP 370 AUG m aCB-D.11 2018-24290 aAugust Munarepenulis10aMembangun internalisasi kecerdasan anti korupsi pada usia sekolah (model learning) /cpenulis, August Munar ax, 90 halaman ;c20 cm 4aPendidikan aYOPDYOG0 aind31aYogyakarta :bDeepublish,c2018 2rdacontentateks 2rdamediaatanpa perantara 2rdacarrieravolume aCetakan pertama, Agustus 2018 aBibliografi : halaman 88-89 aCB-D.11/2018-2429